Juventud y comunidad /

में बचाया:
ग्रंथसूची विवरण
मुख्य लेखक: Bonelli, Edith
स्वरूप: मूलपाठ
विषय:
टैग: टैग जोड़ें
कोई टैग नहीं, इस रिकॉर्ड को टैग करने वाले पहले व्यक्ति बनें!

MARC

LEADER 00000 a a2200000 04500
001 4867
003
040
100 |a Bonelli, Edith  
245 |a Juventud y comunidad /  |c Edith Bonelli 
650 |a JUVENTUD  
650 |a COMUNIDADES  
650 |a ABSOLUTA POBREZA  
650 |a ECONOMIA  
773 |g volumen 3, número 17 -18; páginas 30-33  
999 |c 34889  |d 34889